000
00291nam a22001337a 4500
008
171016b xxu||||| |||| 00| 0 eng d
020
_a
0803953763
041
_a
eng
080
_a
33
100
_a
52
101
_a
EKO
245
_a
LOCAL ECONOMIC DEVELOPMENT
_c
BLAIR,J,P
942
_2
udc
_c
BK
999
_c
34160
_d
34160